Délmagyarország. - 1986. május 4., Vasárnap
Elmentve itt :
| Dokumentumtípus: | Újság |
|---|---|
| Megjelent: |
1986-05-04
|
| Sorozat: | Délmagyarország
76 No. 103 |
| Online Access: | http://dmarchiv.bibl.u-szeged.hu/22939 |
| LEADER | 00489nas a2200145 i 4500 | ||
|---|---|---|---|
| 001 | delm22939 | ||
| 005 | 20200415081925.0 | ||
| 008 | 171218s1986 hu n o 0|| hun d | ||
| 022 | |a 0133-025X | ||
| 040 | |a SZTE Délmagyarország Archívum |b hun | ||
| 041 | |a hun | ||
| 245 | 0 | 0 | |a Délmagyarország. - 1986. május 4., Vasárnap |h [elektronikus dokumentum] |
| 260 | |c 1986-05-04 | ||
| 490 | 0 | |a Délmagyarország |v 76 No. 103 | |
| 856 | 4 | 0 | |u http://dmarchiv.bibl.u-szeged.hu/22939/1/dm_1986_103.pdf |z Dokumentum-elérés |